Sexing the citizen : morality and masculinity in France, 1870-1920

Αποθηκεύτηκε σε:
Λεπτομέρειες βιβλιογραφικής εγγραφής
Κύριος συγγραφέας: Surkis, Judith
Μορφή: Βιβλίο
Γλώσσα:English
Δημοσίευση: New York : Cornell University Press, 2006
Θέματα:
Ετικέτες: Προσθήκη ετικέτας
Δεν υπάρχουν, Καταχωρήστε ετικέτα πρώτοι!

MARC

LEADER 00000nam a2200000 i 4500
001 1/69377
008 080107s2006 eng d
020 |a 978-0-8014-4464-7 
020 |a 0-8014-4464-0 
035 |l 10093398 
040 |a GR-MY-UA  |b gre  |e aacr 
041 0 |a eng 
082 0 |a 305.31094409034  |2 (22) 
100 1 |a Surkis, Judith. 
245 1 0 |a Sexing the citizen :  |b morality and masculinity in France, 1870-1920 /  |c Judith Surkis 
260 |a New York :   |b Cornell University Press,   |c 2006 
300 |a 277 σ. ;  |c 25 εκ.  
504 |a Βιβλιογραφία: σ. 249-270 
504 |a Ευρετήριο: σ. 271-277 
650 0 0 |a Masculinity  |x Political aspects  |z France  |x History. 
650 0 0 |a Masculinity  |x Moral and ethical aspects. 
650 0 0 |a Marriage  |x Political aspects. 
650 0 0 |a Sex role  |x Political aspects. 
650 0 0 |a Citizenship  |z France  |x History. 
650 0 0 |a Gender identity  |z France. 
651 0 |a France  |x History  |y Third republic, 1870-1940. 
852 |a INST  |b LESVOS  |e 20080107  |h 305.31094409034 SUR  |p 005100040831  |q 005100040831  |t BK  |y 0 
901 |a BIBL1-2008-1 
909 |a Λ  |b 142689 
922 |a 1ΕΛΗ  |b 200712  |c ΕΠΕΑΕΚ2/ΤΚΑ  |d ΕΛΕΥΘΕΡΟΥΔΑΚΗΣ 
970 |a ΧΑΤΖΗΜΙΧΑΗΛ  |b ΜΑΡΙΑ  |z 2008/01/07